000 01427cam a2200145 4500500
005 20251214002041.0
041 _afre
042 _adc
100 1 0 _aGoeury, David
_eauthor
700 1 0 _aSierra, Philippe
_eauthor
245 0 0 _aIntroduction à l'analyse des territoires : Concepts, outils, applications
260 _bArmand Colin,
_c2016.
520 _aCet ouvrage propose une introduction transversale et complète à la notion de territoire. Il a pour objectif d’apporter les bases théoriques indispensables pour comprendre les phénomènes de territorialisation. Il en présente d’abord les quatre clés de lecture classiques (géoenvironnementale, géoéconomique, géopolitique et géoculturelle) avant d’interroger les processus qui renouvellent la question territoriale (mondialisation, métropolisation et intégration régionale). Il conclut sur les pratiques des aménageurs à travers la question du rapport entre pouvoirs publics et territoires, et celle des outils et méthodes du diagnostic territorial. Chaque chapitre articule définitions, réflexion géohistorique, références scientifiques et grands débats contemporains, et est assorti d’une étude de cas afin de proposer des exemples diversifiés d’un point de vue géographique et méthodologique.
856 4 1 _uhttps://shs.cairn.info/introduction-a-l-analyse-des-territoires--9782200293024?lang=fr&redirect-ssocas=7080
999 _c1566713
_d1566713